000 01096nam a2200265Ia 4500
003 GCL
005 20240530095624.0
008 140319s9999 xx 000 0 ara d
020 _a0710213977
040 _aGCL /
_cGCL
082 0 4 _a321.8962
_bق/ا ا
100 1 _aابوالعلا ماضى
245 1 0 _aاشكاليات التحول الديمقراطى والتحديث فى مصر :
_bقراءة فى الواقع واستشراف للمستقبل /
_cابوالعلا ماضى
250 _aالاولى
260 _aالقاهرة :
_bالهيئة القبطية الانجيلية للخدمات الاجتماعية - قسم التنمية الثقافية ،
_c2005
300 _a267 ص ؛
_c20 سم
490 _aسلسلة اصدرات منتدى حوار الثقافات
_v25
650 0 4 _aمصر - الاحزاب السياسية
650 0 4 _aالديمقراطية - مصر
650 0 4 _aمصر - الامن القومي
650 0 4 _aمصر - الاصلاح السياسى
700 1 _aعلى ابوليلة
700 1 _aهانى عياد
942 _2ddc
_cBK
999 _c8931
_d8931